[Event "FISU World University-ch 2020"]
[Site "Online"]
[Date "2020.10.26"]
[Round "5.16"]
[White "Hernandez Rendon, Carlos A"]
[Black "Schweighoffer, Martin"]
[Result "1-0"]
[WhiteElo "1838"]
[BlackElo "2119"]
[Annotator "TA"]
[PlyCount "37"]
[EventDate "2020.10.26"]
[SourceTitle "playchess.com"]
[Source "ChessBase"]
[SourceQuality "1"]

1. e4 e5 2. f4 exf4 3. Nf3 g5 4. Nc3 Bg7 5. g3 fxg3 6. hxg3 d6 7. d4 Bg4 8. Be3 h6 9. Be2 Ne7 10. Qd2 Nbc6 11. O-O-O Qd7 12. Rhf1 Ng6 13. d5 Nge5 14. dxc6 bxc6 15. Nxe5 Bxe5 16. Bd4 Bxd4 17. Qxd4 O-O 18. Rf6 h5 19. Qe3 1-0

[Event "FISU World University-ch 2020"]
[Site "Online"]
[Date "2020.10.26"]
[Round "5.17"]
[White "Livaic, Leon"]
[Black "Paradzik, Berislav"]
[Result "1-0"]
[WhiteElo "2507"]
[BlackElo "2185"]
[Annotator "TA"]
[PlyCount "67"]
[EventDate "2020.10.26"]
[SourceTitle "playchess.com"]
[Source "ChessBase"]
[SourceQuality "1"]

1. d4 Nf6 2. c4 e6 3. Nf3 d5 4. Nc3 c6 5. Bg5 Be7 6. e3 O-O 7. Qc2 a6 8. a3 h6 9. Bh4 Nbd7 10. Rd1 b5 11. cxd5 cxd5 12. Bd3 Bb7 13. O-O Rc8 14. Rc1 Ne8 15. Bxe7 Qxe7 16. Qb3 Nb6 17. Qb4 Rc7 18. Ne2 Nc4 19. b3 Nxa3 20. Rc5 Nc4 21. bxc4 dxc4 22. Bc2 Nf6 23. Nc3 Rfc8 24. Rd1 Nd5 25. Nxd5 Bxd5 26. Rxc7 Qxc7 27. e4 Bb7 28. d5 exd5 29. exd5 Qb6 30. d6 Bxf3 31. gxf3 a5 32. d7 Rd8 33. Qe7 g6 34. Rd6 1-0

[Event "FISU World University-ch 2020"]
[Site "Online"]
[Date "2020.10.26"]
[Round "5.17"]
[White "Matanovic, Luka"]
[Black "Matanovic, Pavo"]
[Result "0-1"]
[WhiteElo "2251"]
[BlackElo "1832"]
[Annotator "TA"]
[PlyCount "94"]
[EventDate "2020.10.26"]
[SourceTitle "playchess.com"]
[Source "ChessBase"]
[SourceQuality "1"]

1. e4 e5 2. Nf3 Nc6 3. d4 exd4 4. Nxd4 Bc5 5. Nb3 Bb6 6. Nc3 d6 7. a4 a5 8. Bb5 Nge7 9. Nd5 O-O 10. Nxb6 cxb6 11. O-O d5 12. Be3 Be6 13. Nd4 Nxd4 14. Qxd4 dxe4 15. Qxd8 Rfxd8 16. c4 Nf5 17. Bxb6 Rd2 18. b3 Nd4 19. Rab1 Ne2+ 20. Kh1 Nc3 21. Ra1 Nxb5 22. axb5 a4 23. Rfc1 a3 24. b4 a2 25. c5 Ra3 26. c6 bxc6 27. bxc6 Rb3 28. c7 Bc8 29. h3 Rdb2 30. Kh2 h6 31. Rd1 Kh7 32. Rd8 Be6 33. Bc5 Rd3 34. Re8 Bd7 35. Ra8 Rdd2 36. c8=Q Bxc8 37. Rxc8 Rb1 38. Rxa2 Rxa2 39. Re8 Re2 40. Re7 Kg6 41. Kg3 Kf6 42. Rb7 Rb3+ 43. Kf4 g5+ 44. Kg4 Kg6 45. Rb6+ f6 46. f3 exf3 47. Kg3 Rxg2# 0-1

[Event "FISU World University-ch 2020"]
[Site "Online"]
[Date "2020.10.26"]
[Round "5.17"]
[White "Pavcevic, Bruno"]
[Black "Bosnjak, Petar"]
[Result "1/2-1/2"]
[WhiteElo "2125"]
[BlackElo "2308"]
[Annotator "TA"]
[PlyCount "65"]
[EventDate "2020.10.26"]
[SourceTitle "playchess.com"]
[Source "ChessBase"]
[SourceQuality "1"]

1. e4 d6 2. d4 Nf6 3. Nc3 e5 4. f3 c6 5. a4 Be7 6. Bc4 Nbd7 7. Nge2 O-O 8. Be3 exd4 9. Qxd4 d5 10. exd5 Bc5 11. Qd2 Bxe3 12. Qxe3 Nb6 13. Qd4 Nxc4 14. Qxc4 cxd5 15. Qd3 Qb6 16. O-O-O Be6 17. Nd4 Rac8 18. Rhe1 a6 19. f4 Bg4 20. Nce2 Ne4 21. Qb3 Qa5 22. h3 Bd7 23. Qa3 b5 24. axb5 Qxa3 25. bxa3 axb5 26. Kb2 Rc4 27. c3 Rfc8 28. Rd3 Nc5 29. Re3 Na4+ 30. Kb3 Nc5+ 31. Kb2 Na4+ 32. Kb3 Nc5+ 33. Kb2 1/2-1/2

[Event "FISU World University-ch 2020"]
[Site "Online"]
[Date "2020.10.26"]
[Round "5.17"]
[White "Purkic, Ruza"]
[Black "Ivekovic, Tihana"]
[Result "0-1"]
[WhiteElo "1483"]
[BlackElo "2127"]
[Annotator "TA"]
[PlyCount "78"]
[EventDate "2020.10.26"]
[SourceTitle "playchess.com"]
[Source "ChessBase"]
[SourceQuality "1"]

1. c4 e5 2. g3 g6 3. Nc3 Nc6 4. Bg2 Bg7 5. Nf3 Nf6 6. O-O O-O 7. d3 d6 8. Rb1 a5 9. a3 h6 10. Bd2 Be6 11. b4 axb4 12. axb4 e4 13. Ne1 exd3 14. exd3 Qc8 15. b5 Ne7 16. Ne4 Nxe4 17. Bxe4 d5 18. cxd5 Bxd5 19. Qc2 Ra2 20. Qc1 Kh7 21. Bf4 c6 22. Bd6 Qd7 23. Qc5 Re8 24. bxc6 bxc6 25. Bxd5 Nxd5 26. Ng2 Re6 27. Bf4 Nc3 28. Rbe1 Qxd3 29. Be3 Nd5 30. Rd1 Qc2 31. Rc1 Qa4 32. Nf4 Nxf4 33. Bxf4 Qd4 34. Be3 Qa4 35. Qb6 Qe4 36. Qb7 Qf3 37. Qb3 Re2 38. Rfe1 R6xe3 39. fxe3 Qg2# 0-1

[Event "FISU World University-ch 2020"]
[Site "Online"]
[Date "2020.10.26"]
[Round "5.18"]
[White "Serikbay, Chingiz"]
[Black "Tomaszewski, Kacper"]
[Result "1-0"]
[WhiteElo "2338"]
[BlackElo "2320"]
[Annotator "TA"]
[PlyCount "61"]
[EventDate "2020.10.26"]
[SourceTitle "playchess.com"]
[Source "ChessBase"]
[SourceQuality "1"]

1. d4 Nf6 2. Nf3 g6 3. Bf4 Bg7 4. e3 O-O 5. h3 d6 6. Be2 Nbd7 7. O-O b6 8. Bh2 Bb7 9. Nbd2 c5 10. c3 Rc8 11. a4 a6 12. Bd3 Qc7 13. Qe2 Ra8 14. e4 e5 15. dxe5 dxe5 16. Rfd1 Nh5 17. Nc4 Nf4 18. Bxf4 exf4 19. Bc2 Nf6 20. Nd6 Bc6 21. Bb3 Nd7 22. Nxf7 Rxf7 23. Bxf7+ Kxf7 24. Qc4+ Ke7 25. Ng5 Rf8 26. Qe6+ Kd8 27. Rd6 Bb7 28. Rad1 Bc8 29. Nf7+ Rxf7 30. Qxf7 Bh6 31. Qg8+ 1-0

[Event "FISU World University-ch 2020"]
[Site "Online"]
[Date "2020.10.26"]
[Round "5.18"]
[White "Walter, Szymon"]
[Black "Mukhit, Aisezym"]
[Result "1-0"]
[WhiteElo "2276"]
[BlackElo "1919"]
[Annotator "TA"]
[PlyCount "55"]
[EventDate "2020.10.26"]
[SourceTitle "playchess.com"]
[Source "ChessBase"]
[SourceQuality "1"]

1. e4 c5 2. Nc3 e6 3. f4 d5 4. Nf3 Ne7 5. Bb5+ Nbc6 6. exd5 exd5 7. Qe2 a6 8. Bxc6+ bxc6 9. O-O Qd6 10. d3 g6 11. Qf2 Bg7 12. Na4 Bg4 13. Ne5 Bf5 14. Qxc5 Qxc5+ 15. Nxc5 O-O 16. Be3 Rfd8 17. Bd4 a5 18. Rae1 Bc8 19. Nf3 Bf8 20. Bf6 Ra7 21. Re2 Bg4 22. d4 Rb8 23. c3 Nf5 24. Nd3 Nd6 25. Nde5 Rc8 26. Nxg4 Ne4 27. Nd2 h5 28. Nxe4 1-0

[Event "FISU World University-ch 2020"]
[Site "Online"]
[Date "2020.10.26"]
[Round "5.18"]
[White "Cieslak, Wiktoria"]
[Black "Barmagambetov, Sagynysh"]
[Result "1-0"]
[WhiteElo "2010"]
[BlackElo "1776"]
[Annotator "TA"]
[PlyCount "149"]
[EventDate "2020.10.26"]
[SourceTitle "playchess.com"]
[Source "ChessBase"]
[SourceQuality "1"]

1. e4 e6 2. d4 d5 3. Nd2 Nf6 4. e5 Nfd7 5. Bd3 c5 6. c3 Nc6 7. Ne2 Qb6 8. Nf3 cxd4 9. cxd4 f6 10. exf6 Nxf6 11. O-O Bd7 12. Re1 Bb4 13. Bd2 O-O-O 14. a3 Bd6 15. b4 h6 16. Rc1 Kb8 17. Bg6 Ne7 18. Bb1 Ne4 19. Bf4 Rhf8 20. Bxd6+ Qxd6 21. Ng3 Nxg3 22. hxg3 Nc6 23. Re3 a6 24. Qd2 g5 25. Ne5 Nxe5 26. Rxe5 Rf6 27. Bc2 Bb5 28. a4 Bc4 29. Rb1 b6 30. Bd3 Rc8 31. b5 a5 32. Rc1 Qa3 33. Bxc4 dxc4 34. Qc2 Qb4 35. Rce1 Qd6 36. Qe4 c3 37. Rc1 Rc4 38. Qe3 c2 39. Re4 Qb4 40. Rxe6 Rxe6 41. Qxe6 Qb1 42. Qxb6+ Kc8 43. Qe6+ Kb8 44. Qe1 Qb4 45. Qe5+ Rc7 46. d5 Kb7 47. Qe6 Qb2 48. Qa6+ Kb8 49. Qb6+ Kc8 50. Qe3 Rc3 51. Qd2 Kc7 52. Qe1 Kd6 53. Qd2 Rc5 54. Qe3 Rxd5 55. Qb6+ Ke7 56. Qc7+ Kf6 57. Rxc2 Rd1+ 58. Kh2 Qa1 59. Rc6+ Kf5 60. Qh7+ Ke5 61. f4+ gxf4 62. gxf4+ Kxf4 63. Qxh6+ Ke4 64. Qh4+ Kd5 65. Qd8+ Ke5 66. Qf6+ Kd5 67. Qf3+ Kd4 68. Rd6+ Kc5 69. Rxd1 Qe5+ 70. Kg1 Kb4 71. Qg4+ Kb3 72. Qd4 Qe8 73. Rd3+ Kc2 74. Rd2+ Kb3 75. Rb2+ 1-0

[Event "FISU World University-ch 2020"]
[Site "Online"]
[Date "2020.10.26"]
[Round "5.18"]
[White "Barmagambetova, Sakypzhamal"]
[Black "Dzierzak, Radoslaw"]
[Result "1/2-1/2"]
[WhiteElo "1894"]
[BlackElo "2252"]
[Annotator "RC"]
[PlyCount "123"]
[EventDate "2020.10.26"]
[SourceTitle "playchess.com"]
[Source "ChessBase"]
[SourceQuality "1"]

1. d4 Nf6 2. Nf3 e6 3. c4 Bb4+ 4. Bd2 a5 5. g3 d6 6. Bg2 Nbd7 7. O-O e5 8. Nc3 O-O 9. e3 Qe7 10. a3 Bxc3 11. Bxc3 e4 12. Nd2 d5 13. cxd5 Nb6 14. Qc2 Re8 15. b4 a4 16. Rac1 Bf5 17. Bb2 Nbxd5 18. Nb1 Qd7 19. Nc3 Nxc3 20. Bxc3 Nd5 21. Bb2 Ra6 22. Rfe1 Rh6 23. Qd2 Bh3 24. Bh1 Bg4 25. f4 exf3 26. e4 Nf6 27. Qf4 c6 28. Bxf3 Bxf3 29. Qxf3 Qh3 30. Rc2 Ng4 31. Qg2 Qh5 32. Rce2 Rhe6 33. h3 Nf6 34. g4 Qg6 35. d5 cxd5 36. Bxf6 Qxf6 37. exd5 Rxe2 38. Rxe2 Rxe2 39. Qxe2 Qd4+ 40. Kh2 g6 41. Qf3 Kg7 42. h4 h5 43. gxh5 Qxh4+ 44. Kg2 Qxh5 45. Qc3+ Kh7 46. Qd3 Qg4+ 47. Kh2 Qf4+ 48. Kg2 Qd6 49. Qd4 f6 50. Qc5 Qd7 51. d6 Qg4+ 52. Kh2 Qe2+ 53. Kg3 Qd3+ 54. Kg2 Kh6 55. Qc7 Qe2+ 56. Kg1 Qe1+ 57. Kg2 Qe4+ 58. Kg1 Qe3+ 59. Kg2 Qe4+ 60. Kg1 Qg4+ 61. Kf1 Qf4+ 62. Kg1 1/2-1/2

[Event "FISU World University-ch 2020"]
[Site "Online"]
[Date "2020.10.26"]
[Round "5.19"]
[White "Alboredo, Julia"]
[Black "Jayasinghe, Keeth M S"]
[Result "0-1"]
[WhiteElo "2182"]
[BlackElo "1726"]
[Annotator "TA"]
[PlyCount "120"]
[EventDate "2020.10.26"]
[SourceTitle "playchess.com"]
[Source "ChessBase"]
[SourceQuality "1"]

1. e4 c6 2. d4 d5 3. e5 c5 4. dxc5 Nc6 5. Nf3 Bg4 6. Bb5 e6 7. O-O Bxc5 8. a3 Nge7 9. b4 Bb6 10. Bb2 O-O 11. Bd3 Ng6 12. Re1 Qc7 13. Nbd2 Bd4 14. Bxd4 Nxd4 15. h3 Nxf3+ 16. Nxf3 Bxf3 17. Qxf3 Nxe5 18. Bxh7+ Kxh7 19. Qh5+ Kg8 20. Qxe5 Qxe5 21. Rxe5 Rac8 22. Re2 Rc3 23. Kf1 Rfc8 24. Ra2 Kf8 25. Ke1 Ke7 26. Kd2 Kd6 27. Re3 d4 28. Rxc3 Rxc3 29. Ra1 e5 30. f3 f5 31. a4 Kd5 32. Rf1 Ra3 33. a5 Kc4 34. Re1 Kd5 35. Rf1 Ra4 36. Rb1 e4 37. fxe4+ fxe4 38. Rf1 e3+ 39. Ke2 Ra2 40. Kd3 Ra3+ 41. Ke2 Kc4 42. Rf7 Ra2 43. Rc7+ Kxb4 44. Rxb7+ Kc4 45. Rc7+ Kd5 46. Kd3 Ra3+ 47. Ke2 Rxa5 48. Rxg7 Rc5 49. Rg5+ Kc4 50. Rg4 a5 51. h4 a4 52. Rg7 a3 53. Ra7 Kb4 54. Kd1 Ra5 55. Rb7+ Kc4 56. Rb1 a2 57. Ra1 Kc3 58. h5 Kb2 59. Rxa2+ Kxa2 60. g4 Rg5 0-1

[Event "FISU World University-ch 2020"]
[Site "Online"]
[Date "2020.10.26"]
[Round "5.19"]
[White "Kuruppu, Supun Dasantha"]
[Black "Carstens Dobuchak, Thiago"]
[Result "0-1"]
[WhiteElo "1826"]
[BlackElo "2184"]
[Annotator "TA"]
[PlyCount "66"]
[EventDate "2020.10.26"]
[SourceTitle "playchess.com"]
[Source "ChessBase"]
[SourceQuality "1"]

1. d4 Nf6 2. Nf3 g6 3. Bf4 Bg7 4. Nbd2 d5 5. e3 O-O 6. Bd3 c5 7. c3 b6 8. O-O Ba6 9. Bxa6 Nxa6 10. Qe2 Nc7 11. Rad1 Ne6 12. Bg3 cxd4 13. cxd4 Nh5 14. Be5 f6 15. Bg3 Nxg3 16. hxg3 Qd7 17. Rfe1 Rfe8 18. e4 Nc7 19. e5 Ne6 20. Nb1 f5 21. Nc3 Bh6 22. Nh2 Rac8 23. g4 Rf8 24. Qf3 Rcd8 25. Qh3 Kg7 26. gxf5 Rxf5 27. Ng4 Rh5 28. Qf3 Rf5 29. Qh3 Bg5 30. Ne3 Bxe3 31. Rxe3 Rdf8 32. Rd2 Rh5 33. Qg4 Rf4 0-1

[Event "FISU World University-ch 2020"]
[Site "Online"]
[Date "2020.10.26"]
[Round "5.19"]
[White "Campagnolo, Fabiola"]
[Black "Perera, Thilina"]
[Result "0-1"]
[WhiteElo "1793"]
[BlackElo "1434"]
[Annotator "NA RC"]
[PlyCount "108"]
[EventDate "2020.10.26"]
[SourceTitle "playchess.com"]
[Source "ChessBase"]
[SourceQuality "1"]

1. e4 e5 2. Nf3 Nc6 3. d4 exd4 4. Nxd4 Nxd4 5. Qxd4 Nf6 6. Bg5 Be7 7. Nc3 d6 8. Be2 h6 9. Be3 O-O 10. h3 b6 11. O-O-O Bb7 12. f4 c5 13. Qd3 a6 14. Bf3 Qc7 15. g4 Rad8 16. g5 hxg5 17. fxg5 Nd7 18. Nd5 Bxd5 19. Qxd5 Ne5 20. Bh5 g6 21. Be2 b5 22. h4 Kg7 23. h5 gxh5 24. Bxh5 Rh8 25. Rdf1 Rdf8 26. Bf4 Ng6 27. Bxg6 Rxh1 28. Rxh1 fxg6 29. Be3 Rf3 30. Bd2 Qd8 31. b3 b4 32. Rg1 a5 33. Kb1 Qf8 34. e5 Rf5 35. Bc1 dxe5 36. Qb7 Qf7 37. Qe4 Qe6 38. Qh4 Qg8 39. Qh6+ Kf7 40. Rh1 Qg7 41. Qh4 Bd6 42. Qc4+ Ke7 43. Rd1 Qf8 44. Qd5 Kd7 45. Qb7+ Ke6 46. Qh7 Qf7 47. Qh1 Qc7 48. Qd5+ Ke7 49. Rh1 Rf7 50. Rh6 Rg7 51. Qe4 Kf7 52. Qf3+ Kg8 53. Qa8+ Kf7 54. Rh8 Qe7 0-1

[Event "FISU World University-ch 2020"]
[Site "Online"]
[Date "2020.10.26"]
[Round "5.19"]
[White "Koggala, W S T D"]
[Black "Librelato, Kathie Goulart"]
[Result "0-1"]
[WhiteElo "1480"]
[BlackElo "2165"]
[Annotator "TA"]
[PlyCount "82"]
[EventDate "2020.10.26"]
[SourceTitle "playchess.com"]
[Source "ChessBase"]
[SourceQuality "1"]

1. d4 Nf6 2. Bf4 g6 3. Nc3 d5 4. e3 Bg7 5. h3 O-O 6. Nf3 b6 7. Be2 c5 8. O-O Bb7 9. Nb5 Nc6 10. c4 Rc8 11. Rc1 dxc4 12. Bxc4 a6 13. Na3 b5 14. Be2 cxd4 15. exd4 Qd5 16. b3 Rfd8 17. Nc2 Ne4 18. Ne3 Qd7 19. Ne5 Qxd4 20. Nxc6 Bxc6 21. Qxd4 Bxd4 22. Rfe1 Nc3 23. Bd3 Bg7 24. Bb1 h5 25. Bh2 Rd2 26. Nc2 Ne2+ 27. Rxe2 Rxe2 28. Ne3 Bb7 29. Rd1 Kf8 30. Rd7 Re1+ 31. Nf1 Bc6 32. Ra7 Rxb1 33. Rxa6 Be4 34. f3 Bd3 35. Bf4 Rxf1+ 36. Kh2 h4 37. Ra7 Bd4 38. Bh6+ Ke8 39. Bg5 Bg1+ 40. Kh1 Bf2+ 41. Kh2 Bg3# 0-1

[Event "FISU World University-ch 2020"]
[Site "Online"]
[Date "2020.10.26"]
[Round "5.20"]
[White "Zapata Arbelaez, Estiven"]
[Black "Aluvihare, Shakila"]
[Result "1-0"]
[WhiteElo "2203"]
[BlackElo "1655"]
[Annotator "TA"]
[PlyCount "95"]
[EventDate "2020.10.26"]
[SourceTitle "playchess.com"]
[Source "ChessBase"]
[SourceQuality "1"]

1. d4 Nf6 2. c4 c5 3. Nf3 cxd4 4. Nxd4 e5 5. Nf3 Nc6 6. Nc3 Bb4 7. Bd2 e4 8. Ng5 Qe7 9. e3 O-O 10. a3 Bxc3 11. Bxc3 Re8 12. Qc2 Ng4 13. Nh3 Nf6 14. Nf4 d6 15. O-O-O Be6 16. f3 Rad8 17. Be2 d5 18. Bxf6 Qxf6 19. cxd5 exf3 20. gxf3 Bf5 21. e4 Bxe4 22. fxe4 Qxf4+ 23. Kb1 Ne5 24. Bb5 Rc8 25. Qg2 Red8 26. h4 a6 27. Be2 Rd6 28. h5 Qh6 29. Qh3 Rcd8 30. Rc1 Qd2 31. Rc2 Qf4 32. Qg2 Qh6 33. Rg1 Rf6 34. Qg3 Nd7 35. Qc7 Re8 36. Qxd7 Rf8 37. Rc8 Rd6 38. Qe8 g6 39. Qxf8+ Qxf8 40. Rxf8+ Kxf8 41. hxg6 fxg6 42. Kc2 h5 43. Kd3 Kf7 44. Kd4 Rb6 45. b4 a5 46. b5 h4 47. e5 g5 48. Rxg5 1-0

[Event "FISU World University-ch 2020"]
[Site "Online"]
[Date "2020.10.26"]
[Round "5.20"]
[White "Cardona Martinez, Lina Sofia"]
[Black "Kulatunga, Dinithi"]
[Result "1-0"]
[WhiteElo "1877"]
[BlackElo "1402"]
[Annotator "NA RC"]
[PlyCount "67"]
[EventDate "2020.10.26"]
[SourceTitle "playchess.com"]
[Source "ChessBase"]
[SourceQuality "1"]

1. e4 e5 2. Nf3 Nc6 3. Bb5 a6 4. Ba4 b5 5. Bb3 Nf6 6. d3 Bc5 7. O-O d6 8. c3 O-O 9. Qe2 h6 10. h3 Qe7 11. Rd1 Bb7 12. Nh4 Bc8 13. Ng6 Qd8 14. Nxf8 Qxf8 15. Qf3 Qe7 16. Nd2 Bb7 17. Nf1 a5 18. a4 b4 19. Ng3 Ne8 20. Nh5 Rb8 21. Bd5 Nd8 22. Bxb7 Rxb7 23. d4 exd4 24. cxd4 Bb6 25. e5 Rb8 26. Be3 dxe5 27. dxe5 Qxe5 28. Bxb6 cxb6 29. Re1 Qxb2 30. Rxe8+ Kh7 31. Rd1 Nc6 32. Qf5+ g6 33. Qxf7+ Qg7 34. Qxg7# 1-0

[Event "FISU World University-ch 2020"]
[Site "Online"]
[Date "2020.10.26"]
[Round "5.20"]
[White "Obeysekara, T A Sajith Chathuran"]
[Black "Blandon, Luis Guillermo"]
[Result "1/2-1/2"]
[WhiteElo "1684"]
[BlackElo "2251"]
[Annotator "TA"]
[PlyCount "192"]
[EventDate "2020.10.26"]
[SourceTitle "playchess.com"]
[Source "ChessBase"]
[SourceQuality "1"]

1. b3 Nf6 2. Bb2 e6 3. Nf3 Be7 4. g3 O-O 5. Bg2 d5 6. O-O c5 7. d3 Nc6 8. Nc3 Rb8 9. Nd2 b5 10. e4 d4 11. Ne2 e5 12. h3 a5 13. a4 bxa4 14. Rxa4 Nd7 15. Nc4 Nb6 16. Nxb6 Rxb6 17. Qd2 Bd7 18. Rfa1 Qc7 19. Kh2 Ra8 20. Ng1 Rba6 21. Nf3 Nb4 22. R4a3 a4 23. bxa4 Rxa4 24. Rxa4 Rxa4 25. Rxa4 Bxa4 26. c3 Nc6 27. cxd4 cxd4 28. Qc1 Bb5 29. Bf1 Qb8 30. Nd2 Nb4 31. Ba3 h6 32. Qb2 Ba6 33. Qb3 Qf8 34. Bxb4 Bxb4 35. Nc4 Bd6 36. Qa4 Bxc4 37. Qxc4 g6 38. Be2 Kg7 39. Bd1 Qe7 40. Bb3 Qf6 41. Kg2 h5 42. Qd5 h4 43. g4 Bb4 44. Bd1 Be1 45. Bf3 Qf4 46. Qd6 f6 47. Qc7+ Kh6 48. Qc2 Bc3 49. Qe2 Qc1 50. Qd1 Qb2 51. Qe2 Bd2 52. Qd1 Kg5 53. Be2 Bf4 54. Bf3 Kh6 55. Be2 Kg7 56. Bf3 Qa2 57. Qe2 Qa1 58. Qd1 Qc3 59. Be2 Kf7 60. Bf1 Qb2 61. Qf3 Ke6 62. Kg1 Kd6 63. Kg2 Kc5 64. Kg1 Qc1 65. Kg2 Kb4 66. Kg1 Kc3 67. Kg2 Qd2 68. Kg1 Qe1 69. Kg2 Kd2 70. Kg1 Bh2+ 71. Kg2 Bf4 72. Kg1 Qd1 73. Kg2 Qxf3+ 74. Kxf3 Ke1 75. Kg2 g5 76. Kg1 Be3 77. Kg2 Bxf2 78. Kf3 Bg1 79. Bg2 Kd2 80. Bf1 Bh2 81. Be2 Ke1 82. Bf1 Bg1 83. Be2 Be3 84. Bf1 Bd2 85. Be2 Bb4 86. Bf1 f5 87. Bg2 fxg4+ 88. hxg4 Bd2 89. Bh3 Bf4 90. Bg2 Kd2 91. Bf1 h3 92. Bxh3 Kxd3 93. Bf1+ Kc2 94. Ba6 d3 95. Bb5 Kb3 96. Bxd3 Kc3 1/2-1/2

[Event "FISU World University-ch 2020"]
[Site "Online"]
[Date "2020.10.26"]
[Round "5.20"]
[White "Jeyanthan, Krishna Rahul"]
[Black "Ocampo, Cristina"]
[Result "1/2-1/2"]
[WhiteElo "1629"]
[BlackElo "1970"]
[Annotator "TA"]
[PlyCount "76"]
[EventDate "2020.10.26"]
[SourceTitle "playchess.com"]
[Source "ChessBase"]
[SourceQuality "1"]

1. e4 e5 2. Nf3 Nc6 3. Bc4 Bc5 4. c3 Nf6 5. d3 h6 6. Nbd2 d6 7. O-O O-O 8. Bb3 Bb6 9. Re1 a6 10. h3 Re8 11. Nf1 Ne7 12. Ng3 Ng6 13. Nh2 d5 14. Qf3 Be6 15. Be3 Bxe3 16. Rxe3 d4 17. cxd4 Qxd4 18. Bxe6 Rxe6 19. Qe2 Nf4 20. Qd2 Rb6 21. Rb1 Rd8 22. Nf5 Qb4 23. Qd1 Qb5 24. Ng4 Rxd3 25. Nxf6+ Rxf6 26. Qg4 g5 27. h4 Rxf5 28. exf5 Rxe3 29. fxe3 Qd3 30. exf4 Qxb1+ 31. Kh2 exf4 32. hxg5 hxg5 33. Qxg5+ Kf8 34. f6 Qh7+ 35. Kg1 Qb1+ 36. Kh2 Qh7+ 37. Kg1 Qb1+ 38. Kh2 Qh7+ 1/2-1/2

[Event "FISU World University-ch 2020"]
[Site "Online"]
[Date "2020.10.26"]
[Round "5.21"]
[White "Zuleta, Juan Carlos"]
[Black "Doluweera, Dinul Thisura"]
[Result "0-1"]
[WhiteElo "1934"]
[BlackElo "1863"]
[Annotator "TA"]
[PlyCount "124"]
[EventDate "2020.10.26"]
[SourceTitle "playchess.com"]
[Source "ChessBase"]
[SourceQuality "1"]

1. e4 e6 2. d4 d5 3. exd5 exd5 4. Be3 Nc6 5. Bb5 Bd6 6. Nc3 Nge7 7. Qd2 Bf5 8. O-O-O Qd7 9. Nf3 f6 10. h3 a6 11. Ba4 O-O-O 12. Ne1 h5 13. Nd3 h4 14. Rhe1 g5 15. Bb3 Bb4 16. Nxb4 Nxb4 17. Na4 Qb5 18. Nc3 Qd7 19. a3 Nbc6 20. Qe2 Rhe8 21. Na4 Ng6 22. Nc5 Qd6 23. Qd2 Kb8 24. Qc3 Ka7 25. Ba4 b5 26. Bb3 Re7 27. Kb1 Rde8 28. Ka2 Kb6 29. Nd3 Rd8 30. Qc5+ Kb7 31. Qxd6 Rxd6 32. Nc5+ Kb6 33. Bd2 Nxd4 34. Rxe7 Nxe7 35. Ba5+ Kxc5 36. Bb4+ Kc6 37. Bxd6 Kxd6 38. Rxd4 c5 39. Rd1 c4 40. Bxc4 bxc4 41. Rd2 Ng6 42. b3 c3 43. Rd4 Bxc2 44. Rb4 Kc5 45. Rb8 Nf4 46. a4 d4 47. b4+ Kc6 48. b5+ axb5 49. a5 Bd3 50. a6 Nd5 51. a7 Nc7 52. Rc8 Kb7 53. Rxc7+ Ka8 54. Rd7 Bc4+ 55. Ka3 d3 56. Kb4 c2 57. Ka5 Be6 58. Re7 c1=Q 59. Rxe6 Kxa7 60. Re7+ Kb8 61. Kb6 Qc8 62. Ra7 Qe6+ 0-1

[Event "FISU World University-ch 2020"]
[Site "Online"]
[Date "2020.10.26"]
[Round "5.21"]
[White "Gamage, Chathulanka"]
[Black "Gonzalez Lopez, Nicolas Mateo"]
[Result "1-0"]
[WhiteElo "1895"]
[BlackElo "2200"]
[Annotator "TA"]
[PlyCount "147"]
[EventDate "2020.10.26"]
[SourceTitle "playchess.com"]
[Source "ChessBase"]
[SourceQuality "1"]

1. e4 c6 2. d4 d5 3. exd5 cxd5 4. Bd3 Nc6 5. c3 Qc7 6. Ne2 Bg4 7. O-O Nf6 8. Qe1 e6 9. Bg5 Bd6 10. f3 Bh5 11. Qh4 Bg6 12. Bxg6 fxg6 13. Bxf6 gxf6 14. Qxf6 Kd7 15. Kh1 Raf8 16. Qh4 Ne7 17. f4 Nf5 18. Qh3 h5 19. Nd2 a5 20. Rae1 Rf6 21. Nf3 Ne3 22. Ne5+ Bxe5 23. Qxe3 Bd6 24. Rf2 Rhf8 25. Ref1 Qc4 26. b3 Qb5 27. g3 b6 28. Nc1 a4 29. Kg2 Kc7 30. Qe2 Qxe2 31. Nxe2 axb3 32. axb3 Ra8 33. Nc1 Kd7 34. Ra2 Rxa2+ 35. Nxa2 Rf8 36. Nc1 Rc8 37. Ne2 Ra8 38. Kf3 Ra3 39. Rb1 Ra2 40. Ke3 Kc6 41. Kd3 b5 42. Re1 Kd7 43. h3 Ra3 44. Kc2 Ra2+ 45. Kd3 Ra3 46. Rb1 Ke7 47. Kc2 Ra2+ 48. Rb2 Rxb2+ 49. Kxb2 Kf7 50. Kc2 Kf6 51. Kd3 Kf5 52. Ke3 h4 53. g4+ Kf6 54. Ng1 Ba3 55. Kd2 Bd6 56. Ke3 Ba3 57. Nf3 Bc1+ 58. Kd3 Bxf4 59. Nxh4 g5 60. Ng2 Bd6 61. b4 e5 62. dxe5+ Kxe5 63. h4 gxh4 64. Nxh4 Kf4 65. Nf5 Be5 66. Nd4 Kxg4 67. Nxb5 Kf3 68. Nd4+ Kf4 69. Nc6 Bc7 70. Kd4 Bb6+ 71. Kxd5 Ke3 72. c4 Kd3 73. c5 Bc7 74. b5 1-0

[Event "FISU World University-ch 2020"]
[Site "Online"]
[Date "2020.10.26"]
[Round "5.21"]
[White "Jayaweera, C L"]
[Black "Pinillo Canon, Silvana"]
[Result "1-0"]
[WhiteElo "1781"]
[BlackElo "1785"]
[Annotator "NA RC"]
[PlyCount "71"]
[EventDate "2020.10.26"]
[SourceTitle "playchess.com"]
[Source "ChessBase"]
[SourceQuality "1"]

1. d4 d5 2. Nf3 Nf6 3. e3 e6 4. Bd3 Bd6 5. Nbd2 c5 6. c3 Nc6 7. O-O O-O 8. Re1 b6 9. dxc5 Bxc5 10. Qc2 Bb7 11. e4 dxe4 12. Nxe4 Nxe4 13. Bxe4 h6 14. b4 Be7 15. a4 Rc8 16. Qb3 Bf6 17. Bf4 Qe7 18. Rac1 Rfd8 19. c4 Nd4 20. Nxd4 Rxd4 21. Bxb7 Qxb7 22. Be3 Rd7 23. c5 bxc5 24. Bxc5 Rd2 25. Be3 Rb2 26. Rxc8+ Qxc8 27. Qd3 Qc2 28. Qxc2 Rxc2 29. g3 Ra2 30. Bxa7 Rxa4 31. Bc5 Ra8 32. b5 Rb8 33. b6 Bd8 34. Rb1 f6 35. b7 Kf7 36. Bd6 1-0

[Event "FISU World University-ch 2020"]
[Site "Online"]
[Date "2020.10.26"]
[Round "5.21"]
[White "Aguas Cardenas, Darley"]
[Black "Methmani, Nelunika"]
[Result "1/2-1/2"]
[WhiteElo "1737"]
[BlackElo "1601"]
[Annotator "NA RC"]
[PlyCount "63"]
[EventDate "2020.10.26"]
[SourceTitle "playchess.com"]
[Source "ChessBase"]
[SourceQuality "1"]

1. c4 e5 2. Nc3 Nf6 3. g3 d5 4. cxd5 Nxd5 5. Bg2 Nb6 6. d3 Nc6 7. Nf3 Be7 8. O-O Be6 9. b3 O-O 10. Bb2 f6 11. Rc1 Rc8 12. Ne4 Nd7 13. d4 exd4 14. Nxd4 Nxd4 15. Qxd4 c5 16. Qc3 Nb6 17. Ng5 Nd5 18. Bxd5 Qxd5 19. Nxe6 Qxe6 20. e3 Qe4 21. Rfd1 Rfd8 22. Ba3 b6 23. Bb2 Kf8 24. Qc2 Rxd1+ 25. Qxd1 Rd8 26. Qe2 Rd3 27. Rd1 Rxd1+ 28. Qxd1 Kf7 29. h4 Ke6 30. Kh2 Bd6 31. Kg1 a6 32. a4 1/2-1/2